| 000 | 01467cac a2200337 i 4500 | ||
|---|---|---|---|
| 003 | EG-GICUC | ||
| 005 | 20260121101543.0 | ||
| 008 | 110203s2012 nyua fr 000 0 eng d | ||
| 020 |
_a9781843928430 _qhardback |
||
| 020 |
_a9781843928423 _qpbk. |
||
| 040 |
_aDLC _cDLC _dDLC _dEG-GICUC _beng _erda |
||
| 050 | 0 | 0 |
_aHV6030 _b.A43 2012 |
| 082 | 0 | 0 |
_a343.644 _221 |
| 092 | 0 | 4 | _221 |
| 099 | _aLaw 10 2012 | ||
| 100 | 1 |
_aAlbertson, Kevin, _d1963- |
|
| 245 | 1 | 0 |
_aCrime and economics : _ban introduction / _cKevin Albertson and Chris Fox. |
| 250 | _a1st edition. | ||
| 264 |
_aNew York, NY : _bRoutledge, _c2012. |
||
| 300 |
_aix, 318 page : _billustrations ; _c24 cm. |
||
| 336 |
_atext _btxt _2rdacontent |
||
| 337 |
_aunmediated _bn _2rdamedia |
||
| 338 |
_avolume _bnc _2rdacarrier |
||
| 504 | _aincludes bibliographical references page ( 291-311) and index. | ||
| 505 | 0 | _aIntroduction -- A brief introduction to economic theory -- Modelling criminal behaviour -- Rational choice theory in criminology -- The labour market, poverty and crime -- Economic tools : estimating the bottom line of criminal justice interventions -- The costs of crime -- Crime reduction -- The economic analysis of prisons and community justice alternatives -- Organised crime -- Illicit drugs. | |
| 650 | 0 |
_aCrime _xEconomic aspects. |
|
| 700 | 1 |
_aFox, Chris, _d1973- |
|
| 856 | 4 | 0 | _uhttps://fll.law.cu.edu.eg/fulltext/bks/ENGB10-00105.pdf |
| 905 | _a10 | ||
| 942 |
_2ddc _cBK _e21 _n0 |
||
| 999 |
_c52856 _d52856 |
||